000
00363nam a2200169Ia 4500
003
0100
008
130303s9999 xx 000 0 und d
040
_c
ARRUPELIB
050
_a
BX2200.R4
100
_a
Reichert, Richard
245
_a
Teaching sacraments to youth
260
_a
NY
260
_b
Paulist Pr.
260
_C
1975
300
_a
136p
942
0
0
_0
1
999
_c
29883
_d
29883